The story of the Aldeburgh lifeboats /
Saved in:
| Main Author: | |
|---|---|
| Corporate Author: | |
| Format: | Book |
| Language: | English |
| Published: |
[Coventry] :
[Lifeboat Enthusiasts' Society?],
c1994.
|
| Subjects: | |
| Tags: |
Add Tag
No Tags, Be the first to tag this record!
|
| LEADER | 00791nam a22002537a 4500 | ||
|---|---|---|---|
| 001 | 005293308-3 | ||
| 005 | 20020606095253.2 | ||
| 008 | 941213s1994 enkabc 000 0 eng d | ||
| 010 | |a gb 94093554 | ||
| 015 | |a GB94-93554 | ||
| 020 | |c £2.00 (pbk) | ||
| 035 | 0 | |a ocm31818461 | |
| 040 | |a UKM |c UKM | ||
| 082 | 0 | 4 | |a 363.123810942646 |2 20 |
| 100 | 1 | |a Morris, Jeff, |d 1937- | |
| 245 | 1 | 4 | |a The story of the Aldeburgh lifeboats / |c written and produced by Jeff Morris. |
| 260 | |a [Coventry] : |b [Lifeboat Enthusiasts' Society?], |c c1994. | ||
| 300 | |a 28 p., [16] p. of plates.; |c 21 cm. | ||
| 650 | 0 | |a Lifeboats |z England |z Aldeburgh |x History. | |
| 653 | 0 | |a Oceans |a Rescue services |a History | |
| 653 | 0 | |a Suffolk (England) | |
| 710 | 2 | |a Lifeboat Enthusiasts Society. | |
| 988 | |a 20020608 | ||
| 906 | |0 OCLC | ||


